000 01316naa a22003257a 4500
001 BR9401622
003 BR-BrBNA
005 20240918180951.0
007 ta
008 230509b bl.||||| |||| 00| 0 por d
040 _aBR-BrBNA
_bpor
_cBiblioteca Nacional de Agricultura
041 _a(Pt)
072 _aC20; E70
090 _aC20 BR9401622
100 1 _aSchneider, I.A.
100 1 _aFroheich, E.R.
100 1 _aFeldens, A.M.
100 1 _aFett, J.
111 1 _a26. Congresso Brasileiro de Economia e Sociologia Rural
_cFortaleza, CE (Brazil)
_d01-05 Aug 1988
245 1 _aImportancia e analise do sistema de informacoes sobre producao e comercializacao agricola nos jornais do Rio Grande do Sul
260 3 _aBrasilia, DF (Brasil):
_c1988.
500 _aAnais do 26. Congresso Brasileiro de Economia e Sociologia Rural. O estado e a agricultura. Trabalhos de pesquisa Brasilia, DF (Brasil): 1988. v. 2 p. 865-878 (BR9401622-AM)C20
650 _aComunicacao
650 _aJornal
650 _aProducao
650 _aComercializacao
773 0 _tAnais do 26. Congresso Brasileiro de Economia e Sociologia Rural. O estado e a agricultura. Trabalhos de pesquisa
_wC20 BR9401622
_gBrasilia, DF (Brasil), 1988. v. 2 p. 865-878
909 _a202404
_bLucia
_c55
_dLucia Elande
942 _cAM
_2AGRIS
999 _c322909
_d322909